000 00518nam a22001937a 4500
003 OSt
005 20140310181714.0
008 121213t xxu||||| |||| 00| 0 eng d
020 _a9711341077
050 _aGR 325
_b.C551 1990
082 _aFIL 398.242
_bC456 1990
100 _aChorengel, Marla Yatoko.
245 _aThe first cashew nut /
_cChorengel, Marla Yotoko.
260 _aManila :
_bBookmark,
_c1990.
300 _a22 p. :
_bcol. ill. ;
_c19 cm.
562 _e1
942 _2lcc
_cBK
_kFIL
999 _c1691
_d1691